000 01050nam a22003257a 4500
003 CHAP
005 20220329134939.0
008 971013s r 00010 d
010 _a28512
011 _a29484
035 _a33595
040 _cCHAP
090 _aFolleto 7943
100 0 0 _aKoehler, Philip.
_963603
245 _aAgricultural pest control ; animals manual
260 _aGainesville :
_bInstitute of Food and Agricultural Sciences,
_c(s.a.)
300 _a16 p.
_b: ilus.
590 _aBATCH-UPD
_b10
_c20130110
_lUCH01
_h0052
590 _aBATCH-UPD
_b10
_c20130110
_lUCH01
_h1141
590 _aBATCH-UPD
_b10
_c20130409
_lUCH01
_h2040
590 _aBATCH-UPD
_b10
_c20130914
_lUCH01
_h0023
590 _aCONVERSION
_b10
_c20130109
_lUCH01
_h1316
650 1 4 _aAgricultura
_xPlagas.
_91764
650 1 4 _aControl de plagas.
_927595
650 1 4 _aZoología económica.
_9124187
901 _aBK
942 _cFOLL
949 _aFolleto 7943
_bBC
_cFOLL
_d-78189
_eTS1
_i33595
_si
949 _aFolleto 7943
_bBC
_cFOLL
_d-78190
_eTS2
_fc.2
_i33595
_si
999 _c28512
_d28512